000 01208nam a2200241 a 4500
001 40037
003 BD-RjUL
005 20211209053125.0
008 160421s1997 bg ||||| |||| 00| 0 ben d
020 _a9840735586
_c: TK 95.00
035 _a(BD-RjUL)40152
040 _aBD-RjUL
_bben
_cBD-RjUL
041 _aben
082 _223
_a609.73
_bAME 1997
245 0 0 _aআমেরকার প্রযুক্তি :
_bবিভিন্ন ব্যক্তি এবং মতামতের ইতিহাস /
_cক্যারল ডব্লিউ পারসেল সম্পাদক, মোঃ সাইফুল হাসিব অনুবাদ
260 _aঢাকা :
_bবাংলা একাডেমী,
_c১৯৯৭
300 _a[১০], ১৩৯ পৃ. ;
_c২১ সেমি
650 _aপ্রযুক্তি
_xইতিহাস
_zযুক্তরাষ্ট্র
_9123303
650 _aTechnology
_xHistory
_zUnited State
_9123304
700 _aপারসেল, ক্যারল ডব্লিউ সম্পাদক,
_9123305
700 _aহাসিব, মোঃ সাইফুল অনুবাদ
_9123306
942 _2ddc
_cBK
999 _c40037
_d40037